[Event "IX American Continental Classical Championship 201"]
[Site "Hotel Pipa AtlÃ¢ntico - Praia da Pipa - Rio Grande"]
[Date "2014.10.19"]
[Round "3"]
[Board "80"]
[White "Quaranta Neto, Francisco"]
[Black "Feitosa, Jocelenilson Nunes"]
[Result "1-0"]
[WhiteElo "1933"]
[BlackElo "1731"]
[PlyCount "81"]
[EventDate "2014.10.18"]
[EventRounds "11"]
[EventCountry "BRA"]

1. e4 c6 2. d4 d5 3. exd5 cxd5 4. f4 Nf6 5. Bd3 Nc6 6. c3 g6 7. Qe2 Bh6 8. Nf3
Nh5 9. g3 Bg4 10. Qf2 Qd7 11. O-O Bh3 12. Re1 Nf6 13. Ng5 Ng4 14. Qe2 Bxg5 15.
fxg5 O-O-O 16. b4 h6 17. b5 Na5 18. gxh6 Nxh6 19. Bxh6 Rxh6 20. Qxe7 Qxe7 21.
Rxe7 Be6 22. Nd2 Rdh8 23. Nf3 Kd8 24. Rxe6 fxe6 25. h4 Nc4 26. Ng5 Ke7 27. Re1
Nd6 28. Rxe6+ Kd7 29. Re5 Re8 30. Rxd5 Re3 31. Be4 Kc7 32. Bg2 Rxc3 33. Rxd6
Kxd6 34. Nf7+ Kc7 35. Nxh6 Rxg3 36. Kf2 Rd3 37. d5 Ra3 38. Nf7 Rxa2+ 39. Kg3
Rb2 40. d6+ Kd7 41. Bh3+ 1-0

[Event "IX American Continental Classical Championship 201"]
[Site "Hotel Pipa AtlÃ¢ntico - Praia da Pipa - Rio Grande"]
[Date "2014.10.19"]
[Round "3"]
[Board "81"]
[White "Carneiro, Jose Gildivan"]
[Black "Lunelli, Neuri Antonio"]
[Result "0-1"]
[WhiteElo "1636"]
[BlackElo "1887"]
[PlyCount "82"]
[EventDate "2014.10.18"]
[EventRounds "11"]
[EventCountry "BRA"]

1. d4 Nf6 2. Nf3 g6 3. Bf4 Bg7 4. e3 O-O 5. Be2 d6 6. c4 Nbd7 7. Nc3 c6 8. O-O
Re8 9. Qd2 Nh5 10. Bg5 h6 11. Bh4 Qc7 12. Ne1 Nhf6 13. Nd3 e5 14. d5 Nh7 15. e4
Ndf8 16. Bg3 f5 17. f4 Nf6 18. Bf3 exf4 19. Qxf4 g5 20. Qxd6 Qxd6 21. Bxd6 fxe4
22. Bxf8 Bxf8 23. Bxe4 Nxe4 24. Rae1 Nd6 25. c5 Rxe1 26. Rxe1 Nf5 27. d6 Bd7
28. Ne4 Bg7 29. Rf1 Bd4+ 30. Kh1 Rf8 31. g4 Ne3 32. Rxf8+ Kxf8 33. h3 Kf7 34.
Nc3 Ke6 35. Ne2 Kd5 36. b4 Bg7 37. a3 Nc2 38. a4 Kc4 39. Nec1 Nxb4 40. Nxb4
Kxb4 41. Kg2 Kxc5 0-1

[Event "IX American Continental Classical Championship 201"]
[Site "Hotel Pipa AtlÃ¢ntico - Praia da Pipa - Rio Grande"]
[Date "2014.10.19"]
[Round "3"]
[Board "82"]
[White "Gomes, Marco Tulio"]
[Black "Presa, Luis Alberto Passos"]
[Result "1-0"]
[WhiteElo "1880"]
[BlackElo "1701"]
[PlyCount "79"]
[EventDate "2014.10.18"]
[EventRounds "11"]
[EventCountry "BRA"]

1. e4 c6 2. d4 d5 3. Nc3 dxe4 4. Nxe4 Nd7 5. Nf3 Ngf6 6. Bd3 Nxe4 7. Bxe4 Nf6
8. Qe2 Bg4 9. c3 Nxe4 10. Qxe4 Bxf3 11. Qxf3 e6 12. Bf4 Be7 13. O-O O-O 14.
Rfe1 Qd5 15. Qg3 Qh5 16. Re5 Qg6 17. Rae1 Qxg3 18. Bxg3 Rfd8 19. f4 g6 20. Bf2
Rd7 21. g4 Bd6 22. R5e4 Rad8 23. Bh4 Rc8 24. Bf6 Be7 25. Bxe7 Rxe7 26. f5 Rce8
27. fxe6 Rxe6 28. Rxe6 Rxe6 29. Rxe6 fxe6 30. Kf2 Kf7 31. Kf3 Kf6 32. Kf4 h6
33. h4 g5+ 34. hxg5+ hxg5+ 35. Ke4 b6 36. b3 a6 37. a3 c5 38. dxc5 bxc5 39. b4
cxb4 40. axb4 1-0

[Event "IX American Continental Classical Championship 201"]
[Site "Hotel Pipa AtlÃ¢ntico - Praia da Pipa - Rio Grande"]
[Date "2014.10.19"]
[Round "3"]
[Board "83"]
[White "Schucman, Rebeca Lot"]
[Black "Farias, Edilsom"]
[Result "0-1"]
[WhiteElo "1619"]
[BlackElo "1874"]
[PlyCount "56"]
[EventDate "2014.10.18"]
[EventRounds "11"]
[EventCountry "BRA"]

1. d4 Nf6 2. c4 e6 3. Nc3 Bb4 4. Qc2 Nc6 5. Nf3 d6 6. e4 Bxc3+ 7. bxc3 e5 8. h3
O-O 9. d5 Nb8 10. Be3 Nbd7 11. Bd3 b6 12. O-O Re8 13. a4 a5 14. Nd2 Qe7 15.
Rae1 Ba6 16. Nb1 Nc5 17. Nd2 Nfd7 18. f4 exf4 19. Rxf4 Ne5 20. Be2 Qd7 21. Ra1
Re7 22. Nf3 Ng6 23. Rg4 Rae8 24. Bd3 Nxd3 25. Qxd3 f6 26. Nd4 Ne5 27. Qd1 Nxg4
28. Qxg4 Rxe4 0-1

[Event "IX American Continental Classical Championship 201"]
[Site "Hotel Pipa AtlÃ¢ntico - Praia da Pipa - Rio Grande"]
[Date "2014.10.19"]
[Round "3"]
[Board "84"]
[White "De Freitas, Julio Eimard"]
[Black "Macedo, Luiz Soares De"]
[Result "1-0"]
[WhiteElo "1872"]
[BlackElo "1649"]
[PlyCount "63"]
[EventDate "2014.10.18"]
[EventRounds "11"]
[EventCountry "BRA"]

1. d4 d5 2. c4 Nf6 3. Nf3 e6 4. Nc3 Nbd7 5. e3 Be7 6. Qc2 c6 7. b3 Bb4 8. Bd2
Bxc3 9. Bxc3 Ne4 10. Bd3 Ndf6 11. Nd2 Nxd2 12. Bxd2 O-O 13. O-O g6 14. f3 Re8
15. Bc3 Bd7 16. e4 Rc8 17. Qf2 Nh5 18. f4 Ng7 19. Rae1 b5 20. c5 a5 21. g4 b4
22. Bd2 Qc7 23. f5 exf5 24. Bh6 Be6 25. Bxg7 Kxg7 26. gxf5 gxf5 27. Re3 Kh8 28.
Rh3 Rg8+ 29. Kh1 Rg7 30. Qh4 Qd8 31. Qxd8+ Rxd8 32. Rg3 1-0

[Event "IX American Continental Classical Championship 201"]
[Site "Hotel Pipa AtlÃ¢ntico - Praia da Pipa - Rio Grande"]
[Date "2014.10.19"]
[Round "3"]
[Board "85"]
[White "Do Nascimento, Denner Leonardo"]
[Black "Gomes, Jose Murilo"]
[Result "0-1"]
[WhiteElo "1555"]
[BlackElo "1864"]
[PlyCount "84"]
[EventDate "2014.10.18"]
[EventRounds "11"]
[EventCountry "BRA"]

1. d4 Nf6 2. c4 g6 3. Nc3 Bg7 4. e4 d6 5. Nf3 O-O 6. Be2 e5 7. d5 a5 8. a4 Na6
9. Be3 Nd7 10. O-O Ndc5 11. Nd2 f5 12. Bxc5 Nxc5 13. f4 fxe4 14. Ndxe4 Nxe4 15.
Nxe4 exf4 16. Rb1 Bf5 17. Bd3 Be5 18. b4 axb4 19. Rxb4 b6 20. Rb1 Qh4 21. Qe1
Qxe1 22. Rbxe1 Rxa4 23. h3 Ra3 24. Rd1 Rxd3 25. Rxd3 Bxe4 26. Rdd1 Ra8 27. Rfe1
Bf5 28. Rxe5 dxe5 29. d6 Rd8 30. d7 Rxd7 31. Ra1 Rd4 32. Rc1 c5 33. Kf1 Be6 34.
Ke2 Bxc4+ 35. Ke1 b5 36. Ra1 Re4+ 37. Kd1 Re2 38. Kc1 Re1+ 39. Kb2 Rxa1 40.
Kxa1 Bf1 41. Kb2 e4 42. Kc2 Bxg2 0-1

[Event "IX American Continental Classical Championship 201"]
[Site "Hotel Pipa AtlÃ¢ntico - Praia da Pipa - Rio Grande"]
[Date "2014.10.19"]
[Round "3"]
[Board "86"]
[White "Vieira, Erico Vinicius Duarte"]
[Black "De Barros E Silva, Byron Veras"]
[Result "1-0"]
[WhiteElo "1520"]
[BlackElo "1853"]
[PlyCount "123"]
[EventDate "2014.10.18"]
[EventRounds "11"]
[EventCountry "BRA"]

1. e4 e5 2. Nf3 Nc6 3. d4 f6 4. d5 Nce7 5. Bc4 a6 6. a4 Ng6 7. O-O Bc5 8. Bd2
d6 9. b4 Ba7 10. Nc3 N8e7 11. Ne2 O-O 12. h4 Bg4 13. Ra3 b5 14. Ba2 Bxf3 15.
Rxf3 Nxh4 16. Rh3 Nhg6 17. a5 f5 18. Ng3 f4 19. Nh5 Qd7 20. Kh2 Kf7 21. Qf3 Ng8
22. Ng3 Nh6 23. Rh5 Qg4 24. Nf5 Qxf3 25. Nxh6+ gxh6 26. gxf3 Rg8 27. Rxh6 Rg7
28. Be1 Rag8 29. Rg1 Nf8 30. Rxg7+ Rxg7 31. c4 Rg5 32. cxb5 Kg7 33. Rh4 h5 34.
bxa6 Nd7 35. Bc4 Kf7 36. Bb5 Nf6 37. Bc6 Ke7 38. Kh1 Rg8 39. Rh2 Rg5 40. Rg2
Nh7 41. b5 Rxg2 42. Kxg2 Ng5 43. Bb7 Kd8 44. Bb4 h4 45. Bxd6 h3+ 46. Kh2 Kd7
47. Bf8 Nxf3+ 48. Kxh3 Nd4 49. Kg2 Kd8 50. Bg7 f3+ 51. Kg3 Nxb5 52. Bxe5 Nd6
53. Bxd6 cxd6 54. Kxf3 Kc7 55. Kg3 Bd4 56. f4 Bc3 57. Kg4 Bxa5 58. Kf5 Bd2 59.
e5 Be3 60. e6 Bd4 61. Kg6 Kd8 62. Kf7 1-0

[Event "IX American Continental Classical Championship 201"]
[Site "Hotel Pipa AtlÃ¢ntico - Praia da Pipa - Rio Grande"]
[Date "2014.10.19"]
[Round "3"]
[Board "87"]
[White "Reis, Virginia Lagrange M."]
[Black "Dantas, Isaac Pereira"]
[Result "1-0"]
[WhiteElo "1852"]
[BlackElo "1633"]
[PlyCount "67"]
[EventDate "2014.10.18"]
[EventRounds "11"]
[EventCountry "BRA"]

1. e4 c5 2. Nf3 d6 3. d4 cxd4 4. Nxd4 Nf6 5. f3 e6 6. c4 Be7 7. Nc3 O-O 8. Be3
a6 9. Qd2 Nbd7 10. Be2 Qc7 11. Rc1 b6 12. O-O Ne5 13. b3 Bb7 14. Rfd1 Nfd7 15.
f4 Nc6 16. Nd5 exd5 17. cxd5 Nf6 18. Bf3 Rac8 19. dxc6 Ba8 20. Nf5 Ne8 21. Kh1
Bf6 22. Nxd6 Nxd6 23. Qxd6 Rfd8 24. Qxc7 Rxd1+ 25. Rxd1 Rxc7 26. e5 Be7 27.
Bxb6 Rc8 28. Rc1 Kf8 29. Kg1 Ba3 30. Rc4 Be7 31. b4 Ke8 32. a4 Bd8 33. c7 Bxf3
34. cxd8=Q+ 1-0

[Event "IX American Continental Classical Championship 201"]
[Site "Hotel Pipa AtlÃ¢ntico - Praia da Pipa - Rio Grande"]
[Date "2014.10.19"]
[Round "3"]
[Board "88"]
[White "Born, Ary"]
[Black "Leao, Flavio Sanchez"]
[Result "0-1"]
[WhiteElo "1453"]
[BlackElo "1847"]
[PlyCount "50"]
[EventDate "2014.10.18"]
[EventRounds "11"]
[EventCountry "BRA"]

1. e4 e6 2. c3 d5 3. exd5 exd5 4. d4 c5 5. Nf3 Nc6 6. Bb5 Bd7 7. O-O Qb6 8.
Re1+ Be7 9. a4 O-O-O 10. Ne5 Nxe5 11. Bxd7+ Nxd7 12. Qg4 Qg6 13. Qf3 Ndf6 14.
Qh3+ Qg4 15. Qd3 c4 16. Qc2 Bd6 17. h3 Qg6 18. Qd1 Nh6 19. Qf3 Rhe8 20. Be3 Nf5
21. g4 Nxe3 22. Nd2 Nc2 23. Rxe8 Rxe8 24. Qf5+ Qxf5 25. gxf5 Nxa1 0-1

[Event "IX American Continental Classical Championship 201"]
[Site "Hotel Pipa AtlÃ¢ntico - Praia da Pipa - Rio Grande"]
[Date "2014.10.19"]
[Round "3"]
[Board "89"]
[White "Lucena, Helianto Dos Santos"]
[Black "Farias, Sergio Luiz Cardoso"]
[Result "1-0"]
[WhiteElo "1846"]
[BlackElo "1575"]
[PlyCount "95"]
[EventDate "2014.10.18"]
[EventRounds "11"]
[EventCountry "BRA"]

1. d4 d5 2. e3 Nf6 3. Bd3 e6 4. Nd2 c5 5. c3 Bd6 6. f4 Nc6 7. Ngf3 Ng4 8. Qe2
cxd4 9. cxd4 h6 10. O-O Bd7 11. Ne5 Ngxe5 12. fxe5 Bc7 13. b3 Bb6 14. Qf3 O-O
15. Ba3 Nxd4 16. exd4 Bxd4+ 17. Kh1 Bxa1 18. Bxf8 Qxf8 19. Rxa1 Qb4 20. Rf1 Rf8
21. Nb1 Qd4 22. Re1 f6 23. Qe3 Qb4 24. Rf1 f5 25. Qf4 Qa5 26. a3 g5 27. Qe3 a6
28. Rc1 Bc6 29. b4 Qc7 30. b5 f4 31. Qd4 axb5 32. Bxb5 f3 33. gxf3 Rf4 34. Qc3
d4 35. Qe1 Bxf3+ 36. Kg1 Rg4+ 37. Kf2 Qf7 38. Rc8+ Kg7 39. Qb4 Bd1+ 40. Ke1
Rg1+ 41. Kd2 Qf2+ 42. Kd3 Qe2+ 43. Kxd4 Rg4+ 44. Kc5 Qe3+ 45. Kd6 Rd4+ 46. Kxe6
Rxb4 47. Rc7+ Kg6 48. Be8# 1-0

[Event "IX American Continental Classical Championship 201"]
[Site "Hotel Pipa AtlÃ¢ntico - Praia da Pipa - Rio Grande"]
[Date "2014.10.19"]
[Round "3"]
[Board "91"]
[White "Feijo, Francisco Celio"]
[Black "Scardini, Leonardo"]
[Result "1-0"]
[WhiteElo "1825"]
[BlackElo "1522"]
[PlyCount "115"]
[EventDate "2014.10.18"]
[EventRounds "11"]
[EventCountry "BRA"]

1. d4 d5 2. Nf3 Nf6 3. Bf4 c6 4. e3 e6 5. Bd3 Be7 6. Nbd2 O-O 7. c3 Nbd7 8. Qc2
c5 9. b3 b6 10. Ne5 Bb7 11. Nxd7 Qxd7 12. Nf3 h6 13. Ne5 Qc8 14. dxc5 bxc5 15.
O-O Rd8 16. Qb2 Bd6 17. Qe2 Qc7 18. Ng4 Nd7 19. Bxd6 Qxd6 20. f4 a5 21. Rad1
Qc6 22. Bb5 Ba6 23. c4 Bxb5 24. cxb5 Qb6 25. a4 f5 26. Nf2 Nf6 27. g4 g6 28.
gxf5 gxf5 29. Qb2 Kf7 30. Qe2 Rg8+ 31. Kh1 Rg7 32. Rg1 Rag8 33. Rxg7+ Rxg7 34.
Rg1 Rxg1+ 35. Kxg1 Qd8 36. Qf3 Qg8+ 37. Qg3 Qxg3+ 38. hxg3 Ke7 39. Kf1 h5 40.
Ke2 Nd7 41. Kd3 Nb6 42. Kc3 Kd6 43. Nd3 c4 44. Ne5 cxb3 45. Kxb3 Nd7 46. Nxd7
Kxd7 47. Kc3 Kc7 48. Kd4 Kd6 49. b6 Kc6 50. b7 Kxb7 51. Ke5 Kc6 52. Kxe6 Kc5
53. Kxf5 Kb4 54. Ke6 Kxa4 55. f5 Kb3 56. f6 a4 57. f7 a3 58. f8=Q 1-0

[Event "IX American Continental Classical Championship 201"]
[Site "Hotel Pipa AtlÃ¢ntico - Praia da Pipa - Rio Grande"]
[Date "2014.10.19"]
[Round "3"]
[Board "93"]
[White "Costa, Paulo Sergio"]
[Black "Sousa, Virginio Aleixo Da Silv"]
[Result "1-0"]
[WhiteElo "1806"]
[BlackElo "1499"]
[PlyCount "60"]
[EventDate "2014.10.18"]
[EventRounds "11"]
[EventCountry "BRA"]

1. d4 d6 2. e4 Nf6 3. Nc3 g6 4. Nf3 Bg7 5. Bg5 O-O 6. Bc4 c5 7. e5 Ne8 8. dxc5
Qa5 9. Bxe7 Qxc5 10. Qe2 Nc6 11. Bxf8 Kxf8 12. Ne4 Qa5+ 13. c3 d5 14. b4 Qc7
15. Bxd5 Nxe5 16. Rc1 Nf6 17. Nxf6 Bxf6 18. c4 Bg4 19. O-O Re8 20. Qd1 Bxf3 21.
gxf3 Rd8 22. Qb3 Qd7 23. f4 Nc6 24. Bxc6 Qxc6 25. Rcd1 Rc8 26. c5 b6 27. Rd6
Qc7 28. Rxf6 Kg7 29. Qc3 Kf8 30. Re1 bxc5 1-0

[Event "IX American Continental Classical Championship 201"]
[Site "Hotel Pipa AtlÃ¢ntico - Praia da Pipa - Rio Grande"]
[Date "2014.10.20"]
[Round "4"]
[Board "1"]
[White "Shabalov, Alexander"]
[Black "Bachmann, Axel"]
[Result "1-0"]
[WhiteElo "2499"]
[BlackElo "2645"]
[PlyCount "53"]
[EventDate "2014.10.18"]
[EventRounds "11"]
[EventCountry "BRA"]

1. d4 Nf6 2. c4 e6 3. Nc3 Bb4 4. e3 c5 5. Bd3 b6 6. Nge2 O-O 7. O-O Nc6 8. d5
Ne5 9. e4 d6 10. h3 a6 11. a4 Re8 12. b3 Nxd3 13. Qxd3 Ra7 14. dxe6 fxe6 15.
Bg5 h6 16. Bh4 Rd7 17. Rad1 Bb7 18. f4 Qa8 19. Bxf6 gxf6 20. f5 Bxc3 21. Nxc3
e5 22. Qg3+ Kh8 23. Qg6 Qd8 24. Qxh6+ Rh7 25. Qd2 Rg8 26. Rf3 Rhg7 27. g4 1-0

[Event "IX American Continental Classical Championship 201"]
[Site "Hotel Pipa AtlÃ¢ntico - Praia da Pipa - Rio Grande"]
[Date "2014.10.20"]
[Round "4"]
[Board "3"]
[White "Gonzalez Acosta, Bernal"]
[Black "Ortiz Suarez, Isan Reynaldo"]
[Result "1/2-1/2"]
[WhiteElo "2478"]
[BlackElo "2611"]
[PlyCount "43"]
[EventDate "2014.10.18"]
[EventRounds "11"]
[EventCountry "BRA"]

1. d4 Nf6 2. Nf3 e6 3. c4 c5 4. d5 exd5 5. cxd5 d6 6. Nc3 g6 7. g3 Bg7 8. Bg2
O-O 9. O-O Re8 10. Bf4 Na6 11. Re1 Bf5 12. Nh4 Bd7 13. e4 Ng4 14. Nf3 c4 15.
Qd2 Nc5 16. h3 Ne5 17. Nxe5 Bxe5 18. Bxe5 dxe5 19. Bf1 b5 20. b4 Nb7 21. a4 a6
22. axb5 1/2-1/2

[Event "IX American Continental Classical Championship 201"]
[Site "Hotel Pipa AtlÃ¢ntico - Praia da Pipa - Rio Grande"]
[Date "2014.10.20"]
[Round "4"]
[Board "5"]
[White "Henriquez Villagra, Cristobal"]
[Black "Felgaer, Ruben"]
[Result "1/2-1/2"]
[WhiteElo "2470"]
[BlackElo "2577"]
[PlyCount "45"]
[EventDate "2014.10.18"]
[EventRounds "11"]
[EventCountry "BRA"]

1. e4 c5 2. Nf3 Nc6 3. Bb5 e6 4. O-O Nge7 5. d4 cxd4 6. Nxd4 Nxd4 7. Qxd4 a6 8.
Be2 Nc6 9. Qc3 Qh4 10. f4 b5 11. Be3 Bb7 12. a4 b4 13. Qd3 Qd8 14. Nd2 Be7 15.
Nc4 d5 16. exd5 exd5 17. Ne5 O-O 18. Nxc6 Bxc6 19. Bd4 a5 20. b3 Bf6 21. Rad1
Bb7 22. Bxf6 Qxf6 23. Qd4 1/2-1/2

[Event "IX American Continental Classical Championship 201"]
[Site "Hotel Pipa AtlÃ¢ntico - Praia da Pipa - Rio Grande"]
[Date "2014.10.20"]
[Round "4"]
[Board "6"]
[White "Cruz, Cristhian"]
[Black "Terry, Renato"]
[Result "1/2-1/2"]
[WhiteElo "2557"]
[BlackElo "2454"]
[PlyCount "20"]
[EventDate "2014.10.18"]
[EventRounds "11"]
[EventCountry "BRA"]

1. d4 e6 2. g3 c5 3. Nf3 Nc6 4. Bg2 cxd4 5. Nxd4 Qb6 6. Nb3 d5 7. O-O Nf6 8.
Be3 Qc7 9. Nc3 Bb4 10. Nb5 Qd8 1/2-1/2

[Event "IX American Continental Classical Championship 201"]
[Site "Hotel Pipa AtlÃ¢ntico - Praia da Pipa - Rio Grande"]
[Date "2014.10.20"]
[Round "4"]
[Board "7"]
[White "Barbosa, Evandro Amorim"]
[Black "El Debs, Felipe De Cresce"]
[Result "1-0"]
[WhiteElo "2449"]
[BlackElo "2514"]
[PlyCount "115"]
[EventDate "2014.10.18"]
[EventRounds "11"]
[EventCountry "BRA"]

1. e4 c5 2. Nf3 e6 3. d4 cxd4 4. Nxd4 Nf6 5. Nc3 Nc6 6. Ndb5 Bc5 7. Nd6+ Ke7 8.
Bf4 e5 9. Nf5+ Kf8 10. Bg5 Bb4 11. Ne3 h6 12. Bxf6 Bxc3+ 13. bxc3 Qxf6 14. Bc4
g6 15. O-O Kg7 16. Qd2 d6 17. f4 exf4 18. Rxf4 Qxf4 19. Nf5+ Qxf5 20. exf5 Bxf5
21. Rb1 Rab8 22. Qxd6 Rhd8 23. Qf4 Rd7 24. Rf1 Re8 25. Bd3 Re5 26. Qg3 Be6 27.
a4 Re7 28. Qf2 Bf5 29. Qf4 h5 30. Qh4 Be4 31. Qf6+ Kg8 32. Bc4 Bd5 33. Bb3 Be6
34. Rd1 Bf5 35. h3 Re1+ 36. Rxe1 Rxe1+ 37. Kf2 Re7 38. g4 hxg4 39. hxg4 Be6 40.
Kg3 Bxb3 41. cxb3 a5 42. Qf2 Kg7 43. Qb6 g5 44. b4 axb4 45. cxb4 Rd7 46. b5 Nd4
47. Qc5 Ne6 48. Qe5+ Kg6 49. Qe4+ Kg7 50. a5 Nd4 51. Qe5+ Kg6 52. Qe8 Rd6 53.
Qe4+ f5 54. Qxb7 f4+ 55. Kf2 Re6 56. Qd5 Re2+ 57. Kf1 Rd2 58. Ke1 1-0

[Event "IX American Continental Classical Championship 201"]
[Site "Hotel Pipa AtlÃ¢ntico - Praia da Pipa - Rio Grande"]
[Date "2014.10.20"]
[Round "4"]
[Board "8"]
[White "Granda Zuniga, Julio E"]
[Black "Krysa, Leandro"]
[Result "1-0"]
[WhiteElo "2674"]
[BlackElo "2446"]
[PlyCount "71"]
[EventDate "2014.10.18"]
[EventRounds "11"]
[EventCountry "BRA"]

1. e4 e5 2. Nf3 Nc6 3. Bb5 a6 4. Ba4 Nf6 5. d3 d6 6. c4 Be7 7. h3 O-O 8. Nc3
Nd7 9. Be3 Bf6 10. Nd5 Nd4 11. Nxd4 exd4 12. Bd2 Nc5 13. Bc2 c6 14. Nxf6+ Qxf6
15. O-O Qg6 16. b4 Bxh3 17. Qf3 Bg4 18. Qg3 Nd7 19. f3 Bh5 20. Bf4 Qxg3 21.
Bxg3 d5 22. exd5 cxd5 23. c5 Bg6 24. Rfe1 Rfe8 25. Ba4 Bf5 26. c6 bxc6 27. Bxc6
Rad8 28. Rxe8+ Rxe8 29. a4 Re2 30. a5 Rc2 31. b5 axb5 32. Bxb5 Rc8 33. a6 Nb6
34. a7 Na8 35. Ba6 Re8 36. Rb1 1-0

[Event "IX American Continental Classical Championship 201"]
[Site "Hotel Pipa AtlÃ¢ntico - Praia da Pipa - Rio Grande"]
[Date "2014.10.20"]
[Round "4"]
[Board "9"]
[White "Valdes Escobar, Alvaro"]
[Black "Bruzon Batista, Lazaro"]
[Result "1/2-1/2"]
[WhiteElo "2378"]
[BlackElo "2679"]
[PlyCount "118"]
[EventDate "2014.10.18"]
[EventRounds "11"]
[EventCountry "BRA"]

1. Nf3 d5 2. c4 c6 3. e3 e6 4. Nc3 Bd6 5. b3 f5 6. d4 Nd7 7. Bd3 Nh6 8. O-O O-O
9. Bb2 Rf6 10. Ne2 Nf7 11. g3 g5 12. cxd5 exd5 13. Qc2 Qe7 14. h4 g4 15. Ne1
Nf8 16. Ng2 Bd7 17. Nef4 Ne6 18. Nxe6 Bxe6 19. Nf4 Bd7 20. Kg2 Re8 21. a4 a6
22. Rfb1 Qd8 23. Ba3 Bb8 24. Qc3 Kh8 25. Bc5 Nh6 26. Ba3 Ng8 27. Bb4 Rf7 28.
Ba5 Qf6 29. b4 Rc8 30. Rc1 Ne7 31. Bb6 Re8 32. Bc5 Nc8 33. b5 Bxf4 34. exf4
cxb5 35. axb5 Bxb5 36. Bxb5 axb5 37. Qb3 Qc6 38. Ba7 Qd6 39. Qxb5 Rd8 40. Bc5
Qd7 41. Qb4 Re8 42. Bb6 Nxb6 43. Qxb6 Kg7 44. Rc5 Qe7 45. Kg1 Rd8 46. Rac1 Rd6
47. Qb1 Qe4 48. Qb4 Re6 49. Rc7 b6 50. Rxf7+ Kxf7 51. Rc7+ Re7 52. Rxe7+ Qxe7
53. Qxb6 Qe1+ 54. Kg2 Qe4+ 55. Kh2 Qe2 56. Qc7+ Kg8 57. Qd8+ Kg7 58. Qg5+ Kh8
59. Qf6+ Kg8 1/2-1/2

[Event "IX American Continental Classical Championship 201"]
[Site "Hotel Pipa AtlÃ¢ntico - Praia da Pipa - Rio Grande"]
[Date "2014.10.20"]
[Round "4"]
[Board "10"]
[White "Leitao, Rafael"]
[Black "Paveto, Kevin"]
[Result "1-0"]
[WhiteElo "2636"]
[BlackElo "2426"]
[PlyCount "139"]
[EventDate "2014.10.18"]
[EventRounds "11"]
[EventCountry "BRA"]

1. d4 Nf6 2. c4 g6 3. g3 c6 4. Bg2 d5 5. Qa4 dxc4 6. Qxc4 Be6 7. Qa4 Bg7 8. Nf3
O-O 9. O-O Na6 10. Nc3 Qc8 11. e4 Bh3 12. Re1 Bxg2 13. Kxg2 Nd7 14. Bg5 e5 15.
dxe5 Nxe5 16. Nxe5 Bxe5 17. f4 Bg7 18. e5 Nc5 19. Qc4 Ne6 20. Be7 Re8 21. Bd6
c5 22. Qd5 b6 23. Ne4 Nd4 24. Rad1 h6 25. Rd2 a5 26. h3 Qd7 27. b3 Rad8 28. a3
Qe6 29. Qxe6 Rxe6 30. b4 Nb3 31. Rb2 c4 32. bxa5 bxa5 33. Rc2 Rc8 34. Rd1 f6
35. Rd5 fxe5 36. Bxe5 Rce8 37. Nd6 Rd8 38. Rxc4 Bf8 39. Rc6 Bxd6 40. Rdxd6
Rexd6 41. Rxd6 Rxd6 42. Bxd6 Kf7 43. Be5 Ke6 44. Bc3 a4 45. Kf3 Nc5 46. Bd4 Nb3
47. Bc3 Nc5 48. Bb4 Nd3 49. Bf8 Kf7 50. Bd6 Ke6 51. Bf8 Kf7 52. Ke3 Nb2 53. Bc5
Ke6 54. Kd4 Nd1 55. Kc4 h5 56. g4 hxg4 57. hxg4 Nb2+ 58. Kc3 Nd1+ 59. Kc2 Kd5
60. Kxd1 Kxc5 61. Ke2 Kc4 62. Ke3 Kb3 63. f5 gxf5 64. gxf5 Kxa3 65. f6 Kb2 66.
f7 a3 67. f8=Q a2 68. Qb4+ Ka1 69. Qc3+ Kb1 70. Kd2 1-0

[Event "IX American Continental Classical Championship 201"]
[Site "Hotel Pipa AtlÃ¢ntico - Praia da Pipa - Rio Grande"]
[Date "2014.10.20"]
[Round "4"]
[Board "11"]
[White "Kaidanov, Gregory S"]
[Black "Cori T., Deysi"]
[Result "1-0"]
[WhiteElo "2569"]
[BlackElo "2411"]
[PlyCount "87"]
[EventDate "2014.10.18"]
[EventRounds "11"]
[EventCountry "BRA"]

1. Nf3 Nf6 2. c4 b6 3. g3 Bb7 4. Bg2 g6 5. b3 d6 6. d4 Bg7 7. Bb2 e6 8. O-O
Nbd7 9. Nc3 O-O 10. Qc2 Qe7 11. e4 c5 12. Rad1 Rac8 13. Rfe1 cxd4 14. Nxd4 a6
15. f4 Nc5 16. Qe2 Ba8 17. e5 dxe5 18. fxe5 Nfd7 19. Bxa8 Rxa8 20. Nc6 Qe8 21.
b4 Rc8 22. Qg2 Nb7 23. b5 Nd8 24. Ne4 Nxc6 25. Nd6 Qe7 26. bxc6 Nb8 27. Nxc8
Rxc8 28. Rd6 Qc7 29. Red1 Bf8 30. Qf3 Be7 31. Rf1 Rf8 32. Ba3 b5 33. cxb5 axb5
34. Kg2 Qa7 35. Rf2 Nxc6 36. Rxc6 Bxa3 37. Rfc2 Qa8 38. Kh3 Be7 39. Qd3 Qa5 40.
Qd7 Bb4 41. Rc7 Qb6 42. Rb7 Qe3 43. Qxb5 Bc3 44. Qe2 1-0

[Event "IX American Continental Classical Championship 201"]
[Site "Hotel Pipa AtlÃ¢ntico - Praia da Pipa - Rio Grande"]
[Date "2014.10.20"]
[Round "4"]
[Board "13"]
[White "Mafra, Kaiser Luiz"]
[Black "Perez Ponsa, Federico"]
[Result "0-1"]
[WhiteElo "2148"]
[BlackElo "2536"]
[PlyCount "56"]
[EventDate "2014.10.18"]
[EventRounds "11"]
[EventCountry "BRA"]

1. e4 c5 2. Nf3 d6 3. d4 cxd4 4. Nxd4 Nf6 5. Nc3 a6 6. Bc4 e6 7. Bb3 Nbd7 8.
Bg5 Qa5 9. Qd2 Be7 10. O-O-O h6 11. Bxf6 Bxf6 12. Rhe1 O-O 13. Kb1 Qc7 14. f4
Nc5 15. g4 b5 16. g5 hxg5 17. e5 dxe5 18. fxg5 Be7 19. Nf3 b4 20. Ne4 Nxe4 21.
Rxe4 Rd8 22. Qe2 Rxd1+ 23. Qxd1 Bb7 24. Re1 Rd8 25. Qe2 e4 26. g6 exf3 27.
gxf7+ Kf8 28. Qxe6 Qd6 0-1

[Event "IX American Continental Classical Championship 201"]
[Site "Hotel Pipa AtlÃ¢ntico - Praia da Pipa - Rio Grande"]
[Date "2014.10.20"]
[Round "4"]
[Board "14"]
[White "Hernandez Guerrero, Gilberto"]
[Black "Perez Gormaz, Matias"]
[Result "1/2-1/2"]
[WhiteElo "2531"]
[BlackElo "2327"]
[PlyCount "104"]
[EventDate "2014.10.18"]
[EventRounds "11"]
[EventCountry "BRA"]

1. d4 Nf6 2. Bg5 e6 3. e4 c5 4. d5 exd5 5. e5 Qe7 6. Qe2 h6 7. Bxf6 gxf6 8.
exf6 Qxe2+ 9. Nxe2 Na6 10. Nbc3 Nc7 11. Nf4 d4 12. Ncd5 Bd6 13. Nxc7+ Bxc7 14.
Nd5 Bd8 15. O-O-O b6 16. Re1+ Kf8 17. Ne7 Bb7 18. Rg1 h5 19. g4 hxg4 20. Rxg4
Bxe7 21. fxe7+ Ke8 22. Bc4 Rc8 23. Rg5 Rc6 24. Rh5 Rg8 25. Rg5 Rh8 26. Bd5 Re6
27. Rxe6 Bxd5 28. Ree5 Bf3 29. Rg3 f6 30. Rf5 Be4 31. Rxf6 Kxe7 32. Rf4 Bd5 33.
h4 Be6 34. Rg5 a5 35. a4 Rh6 36. Kd2 Rh8 37. Rg7+ Kd6 38. Rg5 Rh6 39. h5 Ke7
40. Rg7+ Ke8 41. Rg5 Ke7 42. Ke2 Kd6 43. Kf3 Ke7 44. Kg3 Ba2 45. Re4+ Kf6 46.
Kg4 Be6+ 47. Kh4 Bf7 48. Rf4+ Ke6 49. Kg4 Rh7 50. Kh4 Ke7 51. Rgf5 Bg6 52. Re5+
Kd6 1/2-1/2